| 000 | 00576nam a2200241 a 4500 | ||
|---|---|---|---|
| 001 | nice12345678 | ||
| 003 | IN_TiNIC | ||
| 005 | 20260116011603.0 | ||
| 008 | 050524s1900 lona grp 000 0 urd | ||
| 020 |
_a _c100 |
||
| 082 | 0 | 0 |
_a220.591439 _bBIS |
| 100 | _aBible, Society | ||
| 245 | _aKitab-I-Muqaddas. | ||
| 260 |
_aLondon _bBritish and Foreign Bible Society _c1900 |
||
| 300 | _a374p | ||
| 500 | _aincludes index and biblioraphy | ||
| 505 | 2 | _aIndex | |
| 650 | _aBible-Urdu | ||
| 700 | 1 | _aBible, Society | |
| 902 | _bSRS | ||
| 942 | _cBK | ||
| 999 |
_c2762 _d2762 |
||